| 000 | 00762nam a22001935i 4500 | ||
|---|---|---|---|
| 001 | 166238 | ||
| 003 | ES-MaACL | ||
| 005 | 20250806013244.0 | ||
| 008 | 990226s1876 fr |||| | spa d | ||
| 040 |
_aCCPB | B _bspa _cCCPB | B |
||
| 100 | 1 |
_aThevenet. _9133209 |
|
| 245 | 1 | 0 |
_aConsejos de salud _b: guia práctica de las familias y primeros auxilios que hay que administrar en caso de accidente mientras se espera la visita del médico / _cpor el doctor Thevenet. |
| 260 |
_aParis : _b[s.n.], _c1876 ( _fImprenta Jules Claye) |
||
| 300 |
_a100 p. ; _c15 cm. |
||
| 650 | 7 |
_aMedicina de urgencia _2embne _9136479 |
|
| 752 |
_aFrancia - _dParís |
||
| 852 |
_aES-MaACL _jFol-Laf-540 _z-- Rúst. _z-- Legado de Modesto de la Fuente |
||
| 999 |
_c166238 _d166238 |
||